Deutscher WM-Kader 1990 - Statistiken

Allgemein
  • Dieses Quiz wurde 2.984 mal gespielt
    2.633 seit der letzten Aktualisierung
  • Das Durchschnittsergebnis liegt bei 9 aus 23
Antwortstatistiken
Position Verein Name % Korrekt
MF Inter Mailand Lothar Matthäus
90%
Bundestrainer / Franz Beckenbauer
81%
S AS Rom Rudi Völler
71%
Sturm Inter Mailand Jürgen Klinsmann
69%
AB Inter Mailand Andreas Brehme
67%
TW 1. FC Nürnberg Andreas Köpke
47%
AB FC Bayern München Jürgen Kohler
41%
TW 1. FC Köln Bodo Illgner
40%
MF 1. FC Köln Pierre Littbarski
40%
MF Borussia Dortmund Andreas Möller
39%
Abwehr FC Bayern München Klaus Augenthaler
36%
MF 1. FC Köln Thomas Häßler
35%
AB VfB Stuttgart Guido Buchwald
32%
S Werder Bremen Karl-Heinz Riedle
29%
Tor FC Bayern München Raimond Aumann
27%
MF FC Bayern München Olaf Thon
26%
S Borussia Dortmund Frank Mill
24%
AB AS Rom Thomas Berthold
24%
Mittelfeld Eintracht Frankfurt Uwe Bein
23%
AB FC Bayern München Stefan Reuter
22%
AB FC Bayern München Hans Pflügler
14%
MF Werder Bremen Günter Hermann
13%
AB 1. FC Köln Paul Steiner
13%
Keine übereinstimmenden Quizze gefunden
Verteilung der Resultate
Anzahl Personen mit jedem Resultat
Perzentil nach korrekt beantworteten Fragen
Ihre Resultats-Entwicklung
Sie haben dieses Quiz seit der letzten Aktualisierung nicht gespielt